[Event "Baltic Sea Cup"]
[Site "Ronne"]
[Date "2007.08.03"]
[Round "6.7"]
[White "Bach, Matthias"]
[Black "Hillarp Persson, Tiger"]
[Result "1/2-1/2"]
[WhiteElo "2301"]
[BlackElo "2568"]
[PlyCount "120"]
[EventDate "2007.??.??"]
[EventType "swiss"]
[EventRounds "9"]
[EventCountry "DEN"]
[SourceDate "2005.12.01"]
[WhiteTeam "Denmark"]
[BlackTeam "Denmark"]
[WhiteTeamCountry "DEN"]
[BlackTeamCountry "DEN"]

1. d4 Nf6 2. c4 g6 3. Nc3 Bg7 4. e4 d6 5. f4 c5 6. d5 O-O 7. Nf3 e6 8. Be2 exd5
9. cxd5 Bg4 10. e5 Bxf3 11. Bxf3 dxe5 12. fxe5 Nfd7 13. e6 Ne5 14. O-O fxe6 15.
Be3 Nxf3+ 16. Rxf3 Rxf3 17. Qxf3 exd5 18. Nxd5 Nc6 19. Bxc5 Kh8 20. Rd1 Qa5 21.
b4 Qxa2 22. Ne7 Nxe7 23. Qxb7 Re8 24. Qd7 Qg8 25. Bxe7 Qf7 26. Qxe8+ Qxe8 27.
Rd8 Qxd8 28. Bxd8 Kg8 29. Kf2 Kf7 30. Ke3 Ke6 31. Kd3 Kd5 32. Bg5 Be5 33. h3 a6
34. Bd2 Bg3 35. Bc3 h6 36. Bd2 h5 37. Bc3 g5 38. Bd2 g4 39. hxg4 hxg4 40. Bc3
Bh4 41. Bd2 Bg3 42. Bc3 Bf2 43. Bd2 Ke5 44. Ke2 Bh4 45. Kd3 Be7 46. Kc4 Ke4 47.
Bh6 Bd6 48. Bg5 Bg3 49. Bh6 Bf2 50. Bg5 Be3 51. Bh4 Bg1 52. Bg5 Bf2 53. Bd2 Be3
54. Be1 Bf4 55. Kc5 Kd3 56. Kb6 Ke2 57. Bc3 Kf2 58. Kxa6 Kxg2 59. b5 Kf3 60.
Be1 g3 1/2-1/2

[Event "Baltic Sea Cup"]
[Site "Ronne"]
[Date "2007.08.03"]
[Round "6.8"]
[White "Hagen, Andreas Skytte"]
[Black "Hector, Jonny"]
[Result "0-1"]
[WhiteElo "2256"]
[BlackElo "2550"]
[PlyCount "49"]
[EventDate "2007.??.??"]
[EventType "swiss"]
[EventRounds "9"]
[EventCountry "DEN"]
[SourceDate "2005.12.01"]
[WhiteTeam "Denmark"]
[BlackTeam "Denmark"]
[WhiteTeamCountry "DEN"]
[BlackTeamCountry "DEN"]

1. c4 c6 2. Nf3 Qa5 3. e4 f5 4. e5 d6 5. exd6 e5 6. b4 Qxb4 7. Ba3 Qa5 8. c5
Nd7 9. Nxe5 Nxe5 10. Qe2 Bxd6 11. cxd6 Kf7 12. Bb2 Ng6 13. Na3 Nf6 14. Nc4 Qd5
15. Ne5+ Nxe5 16. Bxe5 Ng4 17. d4 Qa5+ 18. Kd1 Re8 19. f4 Be6 20. h3 Qa4+ 21.
Kc1 Nxe5 22. Qxe5 Qa3+ 23. Kc2 b6 24. Bd3 Bd7 25. Kd1 0-1

[Event "Baltic Sea Cup"]
[Site "Ronne"]
[Date "2007.08.03"]
[Round "6.9"]
[White "Kasparov, Sergey"]
[Black "Baekgaard, Martin"]
[Result "1-0"]
[WhiteElo "2500"]
[BlackElo "2272"]
[PlyCount "65"]
[EventDate "2007.??.??"]
[EventType "swiss"]
[EventRounds "9"]
[EventCountry "DEN"]
[SourceDate "2005.12.01"]
[WhiteTeam "Denmark"]
[BlackTeam "Denmark"]
[WhiteTeamCountry "DEN"]
[BlackTeamCountry "DEN"]

1. e4 e6 2. d4 d5 3. Nd2 c5 4. exd5 Qxd5 5. Ngf3 cxd4 6. Bc4 Qd6 7. O-O Nf6 8.
Nb3 Nc6 9. Nbxd4 Nxd4 10. Nxd4 a6 11. Bb3 Qc7 12. Qf3 Bd6 13. h3 O-O 14. Bg5
Nd7 15. c3 b5 16. Rad1 Bb7 17. Qh5 Nc5 18. Bc2 g6 19. Qh4 Rfe8 20. Rfe1 Na4 21.
Bxa4 bxa4 22. Bf6 Bh2+ 23. Kh1 Bd6 24. Nc2 Qc6 25. Ne3 e5 26. Rd5 Re6 27. Red1
Rae8 28. Rxd6 Rxd6 29. Rxd6 Qxd6 30. Nf5 Qd1+ 31. Kh2 Qd5 32. Nh6+ Kf8 33. Qb4+
1-0

[Event "Baltic Sea Cup"]
[Site "Ronne"]
[Date "2007.08.03"]
[Round "6.10"]
[White "Pilgaard, Kim"]
[Black "Zhao, Parker"]
[Result "1/2-1/2"]
[WhiteElo "2448"]
[BlackElo "2180"]
[PlyCount "68"]
[EventDate "2007.??.??"]
[EventType "swiss"]
[EventRounds "9"]
[EventCountry "DEN"]
[SourceDate "2005.12.01"]
[WhiteTeam "Denmark"]
[BlackTeam "Denmark"]
[WhiteTeamCountry "DEN"]
[BlackTeamCountry "DEN"]

1. e4 c5 2. Nf3 e6 3. Nc3 a6 4. d4 cxd4 5. Nxd4 Qc7 6. Bd3 Bd6 7. Qg4 h5 8. Qh4
b5 9. f4 Be7 10. Qf2 Bb7 11. e5 Nc6 12. Nxc6 dxc6 13. Be3 c5 14. Be4 Nh6 15.
Qf3 O-O-O 16. Bxb7+ Qxb7 17. Qxb7+ Kxb7 18. Ne4 Nf5 19. Bxc5 Bxc5 20. Nxc5+ Kb6
21. Ne4 Rd4 22. Ng5 Rxf4 23. O-O-O Rc8 24. Nxf7 Nd4 25. Kb1 Rxf7 26. Rxd4 Rf2
27. Rd6+ Rc6 28. Rhd1 Rxg2 29. R6d2 Rxd2 30. Rxd2 Rc5 31. Rd6+ Rc6 32. Rd7 Rc7
33. Rd6+ Rc6 34. Rd7 Rc7 1/2-1/2

[Event "Baltic Sea Cup"]
[Site "Ronne"]
[Date "2007.08.03"]
[Round "6.11"]
[White "Kristiansen, Jens"]
[Black "Carlstedt, Jonathan"]
[Result "1-0"]
[WhiteElo "2436"]
[BlackElo "2083"]
[PlyCount "99"]
[EventDate "2007.??.??"]
[EventType "swiss"]
[EventRounds "9"]
[EventCountry "DEN"]
[SourceDate "2005.12.01"]
[WhiteTeam "Denmark"]
[BlackTeam "Denmark"]
[WhiteTeamCountry "DEN"]
[BlackTeamCountry "DEN"]

1. d4 Nf6 2. c4 c5 3. d5 e6 4. Nc3 exd5 5. cxd5 d6 6. e4 g6 7. f4 Bg7 8. Bb5+
Nfd7 9. a4 O-O 10. Nf3 Na6 11. O-O Nc7 12. Bxd7 Bxd7 13. Qe1 b5 14. axb5 Nxb5
15. f5 Nxc3 16. bxc3 Qf6 17. Qg3 Qxc3 18. Ra3 Qf6 19. Bg5 Qb2 20. Re3 f6 21.
Bf4 c4 22. fxg6 c3 23. gxh7+ Kxh7 24. Nh4 c2 25. Qg6+ Kg8 26. Rg3 Rf7 27. Nf3
Rc8 28. Bc1 Qb6+ 29. Kh1 Bb5 30. Ng5 Rcc7 31. Nxf7 Rxf7 32. Rxf6 Qc7 33. e5
dxe5 34. d6 Rxf6 35. Qxf6 Qf7 36. Qd8+ Be8 37. Rf3 Qd7 38. Qxd7 Bxd7 39. Rc3
Kf7 40. Rxc2 a5 41. h4 Ke6 42. h5 Kxd6 43. h6 Bf6 44. Rf2 Ke7 45. h7 Bh8 46.
Ba3+ Ke6 47. Rf8 Bg7 48. h8=Q Bxh8 49. Rxh8 e4 50. Rh5 1-0

[Event "Baltic Sea Cup"]
[Site "Ronne"]
[Date "2007.08.03"]
[Round "6.12"]
[White "Salama, Omar"]
[Black "Glud, Jakob Vang"]
[Result "1/2-1/2"]
[WhiteElo "2173"]
[BlackElo "2435"]
[PlyCount "20"]
[EventDate "2007.??.??"]
[EventType "swiss"]
[EventRounds "9"]
[EventCountry "DEN"]
[SourceDate "2005.12.01"]
[WhiteTeam "Denmark"]
[BlackTeam "Denmark"]
[WhiteTeamCountry "DEN"]
[BlackTeamCountry "DEN"]

1. d4 d5 2. c4 c6 3. cxd5 cxd5 4. Nc3 Nf6 5. Bf4 Nc6 6. e3 a6 7. Bd3 Bg4 8. f3
Bd7 9. Nge2 e6 10. g4 Be7 1/2-1/2

[Event "Baltic Sea Cup"]
[Site "Ronne"]
[Date "2007.08.03"]
[Round "6.13"]
[White "Cabrera Trujillo, Jorge"]
[Black "Brinck Claussen, Bjorn"]
[Result "1/2-1/2"]
[WhiteElo "2324"]
[BlackElo "2324"]
[PlyCount "24"]
[EventDate "2007.??.??"]
[EventType "swiss"]
[EventRounds "9"]
[EventCountry "DEN"]
[SourceDate "2005.12.01"]
[WhiteTeam "Denmark"]
[BlackTeam "Denmark"]
[WhiteTeamCountry "DEN"]
[BlackTeamCountry "DEN"]

1. e4 e6 2. d4 d5 3. Nd2 c5 4. Ngf3 cxd4 5. Nxd4 Nc6 6. Bb5 Bd7 7. Nxc6 bxc6 8.
Bd3 Qb8 9. Qe2 Bd6 10. g3 Ne7 11. c4 dxe4 12. Bxe4 e5 1/2-1/2

[Event "Baltic Sea Cup"]
[Site "Ronne"]
[Date "2007.08.03"]
[Round "6.14"]
[White "Moller, Morten Kock"]
[Black "Hansen, Sune Berg"]
[Result "0-1"]
[WhiteElo "2178"]
[BlackElo "2574"]
[PlyCount "74"]
[EventDate "2007.??.??"]
[EventType "swiss"]
[EventRounds "9"]
[EventCountry "DEN"]
[SourceDate "2005.12.01"]
[WhiteTeam "Denmark"]
[BlackTeam "Denmark"]
[WhiteTeamCountry "DEN"]
[BlackTeamCountry "DEN"]

1. e4 c5 2. c3 Nf6 3. e5 Nd5 4. Nf3 e6 5. d4 cxd4 6. cxd4 d6 7. Bc4 Nc6 8. O-O
Be7 9. a3 O-O 10. Qe2 Qb6 11. Rd1 Na5 12. Bxd5 exd5 13. Nc3 Be6 14. Bf4 Rad8
15. Qb5 Qxb5 16. Nxb5 dxe5 17. Nxe5 Nb3 18. Rab1 Bf5 19. Nd3 a6 20. Nc3 Nxd4
21. Be5 Nb3 22. Ne2 d4 23. Nec1 Nc5 24. Bc7 Rd5 25. b4 Na4 26. Ra1 Rc8 27. Bg3
f6 28. f3 Nc3 29. Re1 Kf7 30. Bf2 h5 31. Nf4 Rd7 32. Nfd3 b6 33. h3 a5 34. g4
Bh7 35. Kg2 g5 36. Kg1 Ra8 37. b5 a4 0-1

[Event "Baltic Sea Cup"]
[Site "Ronne"]
[Date "2007.08.03"]
[Round "6.15"]
[White "Hoi, Carsten"]
[Black "Wiwe, Andreas"]
[Result "0-1"]
[WhiteElo "2422"]
[BlackElo "2187"]
[PlyCount "78"]
[EventDate "2007.??.??"]
[EventType "swiss"]
[EventRounds "9"]
[EventCountry "DEN"]
[SourceDate "2005.12.01"]
[WhiteTeam "Denmark"]
[BlackTeam "Denmark"]
[WhiteTeamCountry "DEN"]
[BlackTeamCountry "DEN"]

1. d4 f5 2. Bg5 g6 3. e3 Bg7 4. c3 Nf6 5. Nd2 d6 6. Bc4 e6 7. Ne2 h6 8. Bh4 g5
9. Bg3 Nc6 10. h4 Bd7 11. hxg5 hxg5 12. Rxh8+ Bxh8 13. Ng1 Qe7 14. Nh3 Qg7 15.
Qb3 Na5 16. Qb4 Nxc4 17. Qxc4 Rc8 18. O-O-O a5 19. Rh1 b5 20. Qe2 Ke7 21. f4 g4
22. Nf2 c5 23. dxc5 Rxc5 24. Nb3 Rc4 25. Bh4 Kf7 26. Kb1 Nd5 27. Nd1 a4 28. Nd2
Rxc3 29. e4 Re3 30. Qf2 fxe4 31. Bg5 g3 32. Qg1 a3 33. f5 Qxg5 34. Rxh8 Qg7 35.
Qh1 Re1 36. Qxe1 Qxh8 37. Nxe4 Qe5 38. fxe6+ Bxe6 39. Qf1+ Bf5 0-1

[Event "Baltic Sea Cup"]
[Site "Ronne"]
[Date "2007.08.03"]
[Round "6.16"]
[White "Pedersen, Martin Rosenkilde"]
[Black "Lund, Esben"]
[Result "0-1"]
[WhiteElo "2163"]
[BlackElo "2396"]
[PlyCount "78"]
[EventDate "2007.??.??"]
[EventType "swiss"]
[EventRounds "9"]
[EventCountry "DEN"]
[SourceDate "2005.12.01"]
[WhiteTeam "Denmark"]
[BlackTeam "Denmark"]
[WhiteTeamCountry "DEN"]
[BlackTeamCountry "DEN"]

1. e4 e5 2. Bc4 Nf6 3. d3 Nc6 4. Nc3 Na5 5. Nge2 Bc5 6. O-O d6 7. Ng3 Nxc4 8.
dxc4 Be6 9. b3 Ng4 10. Qd3 Qf6 11. Nf5 Nxf2 12. Rxf2 Bxf2+ 13. Kxf2 g6 14. g4
gxf5 15. gxf5 O-O-O 16. Qh3 c6 17. Ke2 Bd7 18. Bh6 Rhg8 19. Rf1 Kb8 20. a4 Bc8
21. Kd1 Qe7 22. Kc1 f6 23. Qf3 Qc7 24. Rd1 b6 25. Kb1 Bb7 26. Kb2 Rd7 27. Kb1
Ba8 28. Kb2 Rc8 29. Rd2 Rcd8 30. Rd1 Qb7 31. Rd2 Qc8 32. Rd1 Qa6 33. Rd2 Qa5
34. Rd1 d5 35. cxd5 cxd5 36. Nxd5 Bxd5 37. exd5 Rxd5 38. Rg1 R5d7 39. Qc6 Qd5
0-1

[Event "Baltic Sea Cup"]
[Site "Ronne"]
[Date "2007.08.03"]
[Round "6.17"]
[White "Christensen, Janus"]
[Black "Kleiman, Jake"]
[Result "0-1"]
[WhiteElo "2137"]
[BlackElo "2312"]
[PlyCount "98"]
[EventDate "2007.??.??"]
[EventType "swiss"]
[EventRounds "9"]
[EventCountry "DEN"]
[SourceDate "2005.12.01"]
[WhiteTeam "Denmark"]
[BlackTeam "Denmark"]
[WhiteTeamCountry "DEN"]
[BlackTeamCountry "DEN"]

1. e4 c5 2. c3 Nf6 3. e5 Nd5 4. d4 cxd4 5. cxd4 e6 6. Nc3 Nxc3 7. bxc3 d6 8.
Nf3 Qc7 9. Qb3 Nd7 10. Bf4 dxe5 11. Nxe5 Bd6 12. Bb5 O-O 13. Bxd7 Bxd7 14. O-O
Bc6 15. Rac1 b6 16. Rfe1 Kh8 17. Bg3 Bb7 18. c4 Qd8 19. Qe3 f6 20. Nd3 Bxg3 21.
hxg3 Re8 22. f3 Rc8 23. Kf2 Ba6 24. Nf4 e5 25. dxe5 Rxe5 26. Qd3 Qxd3 27. Nxd3
Ra5 28. Re2 Kg8 29. Nb4 Rxc4 30. Rxc4 Bxc4 31. Rc2 b5 32. Ke3 Ra4 33. Nc6 Ra6
34. Nb4 Re6+ 35. Kd4 a5 36. Nd5 Rd6 37. Rxc4 bxc4 38. Kxc4 Kf7 39. a4 Re6 40.
f4 Re2 41. Kb5 Rxg2 42. Kxa5 Rxg3 43. Kb6 Ra3 44. a5 h5 45. Nc7 h4 46. Nb5 Ra1
47. Nd6+ Ke6 48. Ne4 h3 49. a6 h2 0-1

[Event "Baltic Sea Cup"]
[Site "Ronne"]
[Date "2007.08.03"]
[Round "6.18"]
[White "Palm, Nicolaj Lars"]
[Black "Svendsen, Mads Bilde"]
[Result "1/2-1/2"]
[WhiteElo "2308"]
[BlackElo "2178"]
[PlyCount "57"]
[EventDate "2007.??.??"]
[EventType "swiss"]
[EventRounds "9"]
[EventCountry "DEN"]
[SourceDate "2005.12.01"]
[WhiteTeam "Denmark"]
[BlackTeam "Denmark"]
[WhiteTeamCountry "DEN"]
[BlackTeamCountry "DEN"]

1. d4 g6 2. Nf3 Bg7 3. e3 d6 4. b3 Nd7 5. Bb2 e5 6. c4 Nh6 7. Qc2 O-O 8. Nc3
exd4 9. Nxd4 Re8 10. Be2 a5 11. O-O Nc5 12. Rad1 Nf5 13. Nd5 c6 14. Nf4 Nxd4
15. Bxd4 Bf5 16. Qb2 Bxd4 17. Rxd4 Qf6 18. Rfd1 Ne4 19. Bf3 a4 20. bxa4 Rxa4
21. Qxb7 Rxa2 22. Qb3 Raa8 23. Bxe4 Bxe4 24. Rxd6 Qe5 25. Ne2 Bd5 26. Rd7 Reb8
27. Qc3 Qe6 28. R7xd5 cxd5 29. cxd5 1/2-1/2

[Event "Baltic Sea Cup"]
[Site "Ronne"]
[Date "2007.08.03"]
[Round "6.19"]
[White "Andersen, Lars Ren"]
[Black "Carstensen, Jacob"]
[Result "0-1"]
[WhiteElo "2081"]
[BlackElo "2304"]
[PlyCount "128"]
[EventDate "2007.??.??"]
[EventType "swiss"]
[EventRounds "9"]
[EventCountry "DEN"]
[SourceDate "2005.12.01"]
[WhiteTeam "Denmark"]
[BlackTeam "Denmark"]
[WhiteTeamCountry "DEN"]
[BlackTeamCountry "DEN"]

1. e4 c5 2. Nf3 d6 3. d4 cxd4 4. Nxd4 Nf6 5. Nc3 a6 6. f3 e5 7. Nb3 Be7 8. Be3
Be6 9. Qd2 O-O 10. O-O-O b5 11. g4 Nbd7 12. h4 Nb6 13. g5 Nfd7 14. Nd5 Bxd5 15.
exd5 Rc8 16. Na5 Nxd5 17. Qxd5 Qxa5 18. Bd3 Rc7 19. Kb1 Nb6 20. Bxb6 Qxb6 21.
Rhg1 Qf2 22. Bf5 g6 23. Be4 Qxh4 24. Rg4 Qf2 25. Rh1 Rfc8 26. a3 Rc5 27. Qb3 d5
28. Bxd5 Qxc2+ 29. Qxc2 Rxc2 30. Bb7 R8c5 31. Be4 Rd2 32. Rc1 Rd4 33. Re1 b4
34. axb4 Rxb4 35. Re3 Rcb5 36. Re2 Bc5 37. Bd3 Rxg4 38. fxg4 Rb3 39. Bxa6 Bd4
40. Ka2 Rg3 41. Bc8 Rg1 42. b4 Rc1 43. Bb7 Rc7 44. Bd5 Rc3 45. b5 Kg7 46. Re1
Be3 47. Rf1 Rc2+ 48. Kb3 Rf2 49. Rxf2 Bxf2 50. Kc4 Be3 51. Kd3 Bxg5 52. Ke4 Bf6
53. b6 Bd8 54. Kxe5 Bxb6 55. Kf4 h6 56. Bc4 Kf6 57. Bd3 Bc7+ 58. Kf3 Kg5 59.
Bc4 f6 60. Bf7 h5 61. Be6 hxg4+ 62. Bxg4 f5 63. Bh3 Kh4 64. Kg2 Bd6 0-1

[Event "Baltic Sea Cup"]
[Site "Ronne"]
[Date "2007.08.03"]
[Round "6.20"]
[White "Lauridsen, Jesper Morch"]
[Black "Christiansen, Jens Jorgen"]
[Result "1/2-1/2"]
[WhiteElo "2302"]
[BlackElo "2159"]
[PlyCount "122"]
[EventDate "2007.??.??"]
[EventType "swiss"]
[EventRounds "9"]
[EventCountry "DEN"]
[SourceDate "2005.12.01"]
[WhiteTeam "Denmark"]
[BlackTeam "Denmark"]
[WhiteTeamCountry "DEN"]
[BlackTeamCountry "DEN"]

1. e4 Nf6 2. e5 Nd5 3. Nc3 Nxc3 4. dxc3 d5 5. Nf3 Bg4 6. h3 Bxf3 7. Qxf3 e6 8.
Qg3 Nd7 9. Be2 c6 10. O-O Qc7 11. f4 Bc5+ 12. Kh1 g6 13. b4 Be7 14. Rb1 b5 15.
Be3 a5 16. a3 a4 17. Qf2 h5 18. g3 O-O-O 19. Bd3 Rhg8 20. Rbe1 Rde8 21. Bd4 Kb7
22. Re2 Ka6 23. Rfe1 Nb6 24. Rd2 Nc4 25. Bxc4 dxc4 26. Bc5 Rd8 27. Red1 Rd5 28.
Rxd5 cxd5 29. Bd4 Qc6 30. Kg2 Rf8 31. Re1 Re8 32. Qf3 Rg8 33. Kh2 Qc7 34. Bf2
Qb7 35. Rf1 Rh8 36. Bd4 Bd8 37. Kg2 Bb6 38. Kf2 Rc8 39. Ke2 Qc6 40. Qe3 Bxd4
41. Qxd4 Qb6 42. Rf2 Rh8 43. Kd2 Qxd4+ 44. cxd4 Kb6 45. Ke2 Kc6 46. Kf3 Kd7 47.
Kg2 Ke7 48. Rf1 Rh7 49. Rh1 Rh8 50. Rh2 Rh7 51. Rh1 Rh8 52. Re1 Rh7 53. h4 Rh8
54. Kh3 Rh7 55. g4 hxg4+ 56. Kxg4 Rh8 57. Kg5 Rh7 58. Kg4 f6 59. exf6+ Kxf6 60.
Re5 Rh8 61. Re3 Rh7 1/2-1/2

[Event "Baltic Sea Cup"]
[Site "Ronne"]
[Date "2007.08.03"]
[Round "6.21"]
[White "Hirneise, Tobias"]
[Black "Radil, Casper"]
[Result "1-0"]
[WhiteElo "2293"]
[BlackElo "2107"]
[PlyCount "75"]
[EventDate "2007.??.??"]
[EventType "swiss"]
[EventRounds "9"]
[EventCountry "DEN"]
[SourceDate "2005.12.01"]
[WhiteTeam "Denmark"]
[BlackTeam "Denmark"]
[WhiteTeamCountry "DEN"]
[BlackTeamCountry "DEN"]

1. e4 Nf6 2. e5 Nd5 3. d4 d6 4. c4 Nb6 5. exd6 exd6 6. Bd3 Be7 7. h3 Bf6 8. Nf3
Nc6 9. Qe2+ Qe7 10. Be3 Nb4 11. Nc3 Nxd3+ 12. Qxd3 g6 13. a4 Bf5 14. Qe2 c6 15.
a5 Nd7 16. Bf4 Bd3 17. Qxe7+ Bxe7 18. b3 g5 19. Nxg5 Rg8 20. Nf3 Rxg2 21. Bg3
d5 22. Kd2 dxc4 23. bxc4 Bxc4 24. Ne1 Rxg3 25. fxg3 O-O-O 26. Nf3 Nc5 27. Ke3
Bf6 28. Rhd1 Nb3 29. Ra4 Be6 30. Ne4 Be7 31. Rb1 h6 32. Nc3 Rg8 33. g4 h5 34.
d5 Bc5+ 35. Ke2 hxg4 36. hxg4 Bxg4 37. Rxb3 Re8+ 38. Re4 1-0

[Event "Baltic Sea Cup"]
[Site "Ronne"]
[Date "2007.08.03"]
[Round "6.22"]
[White "Aabling Thomsen, Jakob"]
[Black "Schmitz, Andreas Arnold"]
[Result "1-0"]
[WhiteElo "2242"]
[BlackElo "2081"]
[PlyCount "73"]
[EventDate "2007.??.??"]
[EventType "swiss"]
[EventRounds "9"]
[EventCountry "DEN"]
[SourceDate "2005.12.01"]
[WhiteTeam "Denmark"]
[BlackTeam "Denmark"]
[WhiteTeamCountry "DEN"]
[BlackTeamCountry "DEN"]

1. e4 e6 2. d4 d5 3. Nc3 Bb4 4. Nge2 dxe4 5. a3 Bxc3+ 6. Nxc3 Nc6 7. Bb5 Nge7
8. Bg5 f6 9. Be3 O-O 10. Qd2 f5 11. O-O-O Nd5 12. Bxc6 bxc6 13. g3 Nxc3 14.
Qxc3 Qd5 15. Bf4 Rf7 16. Kb1 Ba6 17. Rhe1 Rd7 18. f3 exf3 19. Re5 Qc4 20. Qxf3
Rb8 21. Rc5 Qa4 22. Qxc6 Qxa3 23. Qxe6+ Kh8 24. Bc1 Rxd4 25. Rb5 Bxb5 26. Rxd4
Qf8 27. b3 Re8 28. Qd5 c6 29. Qf3 c5 30. Rf4 Be2 31. Qd5 Bg4 32. Bb2 Re1+ 33.
Ka2 Re2 34. Rc4 Qg8 35. Qxc5 Rxh2 36. Qd4 h5 37. Rc8 1-0

[Event "Baltic Sea Cup"]
[Site "Ronne"]
[Date "2007.08.03"]
[Round "6.23"]
[White "Andersen, Rune"]
[Black "Coleman, Teddy"]
[Result "0-1"]
[WhiteElo "2076"]
[BlackElo "2239"]
[PlyCount "44"]
[EventDate "2007.??.??"]
[EventType "swiss"]
[EventRounds "9"]
[EventCountry "DEN"]
[SourceDate "2005.12.01"]
[WhiteTeam "Denmark"]
[BlackTeam "Denmark"]
[WhiteTeamCountry "DEN"]
[BlackTeamCountry "DEN"]

1. d4 Nf6 2. c4 e6 3. Nc3 Bb4 4. Bg5 h6 5. Bh4 c5 6. d5 b5 7. dxe6 fxe6 8. Qc2
O-O 9. O-O-O Qa5 10. Nxb5 a6 11. Nd6 Nc6 12. a3 Bxa3 13. bxa3 Qxa3+ 14. Qb2 Qa5
15. Bxf6 Rxf6 16. Ne4 Rb8 17. Nxf6+ gxf6 18. Qxb8 Qc3+ 19. Kb1 Nxb8 20. e3 Nc6
21. Nf3 Nb4 22. Rd2 Bb7 0-1

[Event "Baltic Sea Cup"]
[Site "Ronne"]
[Date "2007.08.03"]
[Round "6.24"]
[White "Skogli, Pal"]
[Black "Kasparova, Tatiana"]
[Result "0-1"]
[WhiteElo "1634"]
[BlackElo "2217"]
[PlyCount "116"]
[EventDate "2007.??.??"]
[EventType "swiss"]
[EventRounds "9"]
[EventCountry "DEN"]
[SourceDate "2005.12.01"]
[WhiteTeam "Denmark"]
[BlackTeam "Denmark"]
[WhiteTeamCountry "DEN"]
[BlackTeamCountry "DEN"]

1. Nf3 Nf6 2. d3 e6 3. e4 d5 4. Nbd2 Bc5 5. e5 Nfd7 6. Nb3 Be7 7. d4 c5 8. c3
Nc6 9. Bf4 cxd4 10. Nbxd4 a6 11. Qa4 Nxd4 12. Nxd4 O-O 13. Qc2 Re8 14. Bd3 Nf8
15. Bg3 f6 16. O-O Bd7 17. Qe2 f5 18. f4 g5 19. fxg5 Bxg5 20. Bf4 Ng6 21. Bxg5
Qxg5 22. Nf3 Qg4 23. g3 Nf4 24. Qe3 Nxd3 25. Qxd3 Bb5 26. Qe3 Bxf1 27. Rxf1
Rac8 28. Nd4 Rc7 29. Qh6 Qg6 30. Qh3 Rg7 31. Ne2 Qg4 32. Qxg4 fxg4 33. Nf4 Rf8
34. Re1 Rf5 35. Nxe6 Re7 36. Nc5 Rexe5 37. Rxe5 Rxe5 38. Kf2 Re7 39. Nd3 Kf7
40. Nf4 Re5 41. Nd3 Rh5 42. Kg2 b6 43. Nf4 Re5 44. Kf2 Ke7 45. Nd3 Rh5 46. Kg2
Kd6 47. Nf4 Re5 48. Kf2 a5 49. Kf1 b5 50. Kf2 Re4 51. Nd3 d4 52. cxd4 Kd5 53.
Nc1 Rxd4 54. Nb3 Rd3 55. Ke2 Rxb3 56. axb3 h5 57. h4 gxh3 58. b4 a4 0-1

[Event "Baltic Sea Cup"]
[Site "Ronne"]
[Date "2007.08.03"]
[Round "6.25"]
[White "Willumsen, Niels Henrik"]
[Black "Glibstrup, Michael"]
[Result "0-1"]
[WhiteElo "2215"]
[BlackElo "1969"]
[PlyCount "76"]
[EventDate "2007.??.??"]
[EventType "swiss"]
[EventRounds "9"]
[EventCountry "DEN"]
[SourceDate "2005.12.01"]
[WhiteTeam "Denmark"]
[BlackTeam "Denmark"]
[WhiteTeamCountry "DEN"]
[BlackTeamCountry "DEN"]

1. e4 c5 2. Nf3 d6 3. d4 cxd4 4. Nxd4 Nf6 5. Nc3 a6 6. Bg5 e6 7. Qf3 Be7 8.
O-O-O Nbd7 9. Rg1 Qa5 10. Bxf6 Nxf6 11. g4 Rb8 12. Kb1 b5 13. Nc6 Qc7 14. Nxb8
Qxb8 15. g5 Nd7 16. Qe3 Nc5 17. a3 Bd7 18. Qd4 O-O 19. h4 a5 20. b4 axb4 21.
axb4 Na6 22. e5 d5 23. Na2 Qc7 24. Rg3 Ra8 25. Rh3 Ra7 26. Bd3 Qb7 27. h5 Ra8
28. Kb2 Bxg5 29. Rg1 Be7 30. Be2 Rc8 31. Rxg7+ Kxg7 32. Rg3+ Kf8 33. Qg4 Ke8
34. Qg8+ Bf8 35. Rg7 Bc6 36. h6 Qc7 37. Bh5 Qxe5+ 38. c3 Qxh5 0-1

[Event "Baltic Sea Cup"]
[Site "Ronne"]
[Date "2007.08.03"]
[Round "6.26"]
[White "Titu Maiorescu, Dorin"]
[Black "Rasmussen, Morten"]
[Result "1/2-1/2"]
[WhiteElo "2273"]
[BlackElo "1979"]
[PlyCount "121"]
[EventDate "2007.??.??"]
[EventType "swiss"]
[EventRounds "9"]
[EventCountry "DEN"]
[SourceDate "2005.12.01"]
[WhiteTeam "Denmark"]
[BlackTeam "Denmark"]
[WhiteTeamCountry "DEN"]
[BlackTeamCountry "DEN"]

1. b3 d5 2. Bb2 Nf6 3. e3 c6 4. d3 Bg4 5. Ne2 Nbd7 6. h3 Bxe2 7. Bxe2 e5 8. O-O
g6 9. Nd2 Bg7 10. c4 O-O 11. Qc2 Rc8 12. Rad1 Qb6 13. Nf3 Rfe8 14. Rfe1 Bf8 15.
a3 a5 16. d4 exd4 17. Nxd4 Bg7 18. Rb1 Nc5 19. Ba1 Ne6 20. b4 dxc4 21. Nxe6
Rxe6 22. Bxc4 Re7 23. Bd4 Qc7 24. bxa5 Qxa5 25. Bb6 Qe5 26. Red1 Nd7 27. Bd4
Qc7 28. Bxg7 Kxg7 29. Qb2+ Nf6 30. a4 Rd8 31. Rxd8 Qxd8 32. g4 h6 33. Qc3 Rd7
34. Be2 Kg8 35. Bf3 Nd5 36. Qc5 Qe7 37. Qxe7 Nxe7 38. a5 Nd5 39. Rb3 Kg7 40.
Kf1 Ne7 41. Ke2 Kf6 42. h4 Nd5 43. Bxd5 Rxd5 44. Rxb7 Rxa5 45. Rc7 Rc5 46. g5+
hxg5 47. hxg5+ Rxg5 48. Rxc6+ Ke7 49. f4 Rd5 50. e4 Rd6 51. Rc5 Rd4 52. Ke3 Rd1
53. Rc7+ Rd7 54. Rc1 Ke6 55. Ra1 Ke7 56. Ra8 Rd8 57. Ra5 Rd7 58. Kf3 Rd1 59.
Ke3 Rd7 60. Kf3 Rd1 61. Ke3 1/2-1/2

[Event "Baltic Sea Cup"]
[Site "Ronne"]
[Date "2007.08.03"]
[Round "6.28"]
[White "Hartvig, Ove Weiss"]
[Black "Tallaksen, Levi Andre"]
[Result "1-0"]
[WhiteElo "2232"]
[BlackElo "2037"]
[PlyCount "49"]
[EventDate "2007.??.??"]
[EventType "swiss"]
[EventRounds "9"]
[EventCountry "DEN"]
[SourceDate "2005.12.01"]
[WhiteTeam "Denmark"]
[BlackTeam "Denmark"]
[WhiteTeamCountry "DEN"]
[BlackTeamCountry "DEN"]

1. e4 e5 2. Nf3 Nf6 3. Nxe5 d6 4. Nf3 Nxe4 5. Nc3 Nxc3 6. dxc3 Be7 7. Be3 O-O
8. Qd2 b6 9. Bd3 Bb7 10. O-O-O Nd7 11. Nd4 c5 12. Nf5 d5 13. Bf4 Bf6 14. Rhe1
Bc6 15. g4 c4 16. Bf1 Re8 17. Rxe8+ Qxe8 18. Re1 Qc8 19. g5 Nc5 20. Nd6 Qa6 21.
a3 Bd8 22. Qxd5 Ne6 23. Qxc6 Rb8 24. Qe8+ Nf8 25. Qxf7+ 1-0

[Event "Baltic Sea Cup"]
[Site "Ronne"]
[Date "2007.08.03"]
[Round "6.29"]
[White "Hoffmann, Steffen"]
[Black "Petersen, Steen Brustrup"]
[Result "1/2-1/2"]
[WhiteElo "2076"]
[BlackElo "2165"]
[PlyCount "20"]
[EventDate "2007.??.??"]
[EventType "swiss"]
[EventRounds "9"]
[EventCountry "DEN"]
[SourceDate "2005.12.01"]
[WhiteTeam "Denmark"]
[BlackTeam "Denmark"]
[WhiteTeamCountry "DEN"]
[BlackTeamCountry "DEN"]

1. Nf3 Nf6 2. d4 e6 3. g3 b6 4. Bg2 Bb7 5. O-O Be7 6. c4 O-O 7. Nc3 Ne4 8. Bd2
f5 9. Qc2 d6 10. Rfd1 Nd7 1/2-1/2

[Event "Baltic Sea Cup"]
[Site "Ronne"]
[Date "2007.08.03"]
[Round "6.30"]
[White "Holm, Ragnar"]
[Black "Glibstrup, Jakob"]
[Result "1/2-1/2"]
[WhiteElo "2153"]
[BlackElo "1939"]
[PlyCount "21"]
[EventDate "2007.??.??"]
[EventType "swiss"]
[EventRounds "9"]
[EventCountry "DEN"]
[SourceDate "2005.12.01"]
[WhiteTeam "Denmark"]
[BlackTeam "Denmark"]
[WhiteTeamCountry "DEN"]
[BlackTeamCountry "DEN"]

1. c4 Nf6 2. Nc3 g6 3. g3 Bg7 4. Bg2 O-O 5. Nf3 d6 6. O-O e5 7. d3 Nc6 8. Rb1
Nh5 9. b4 f5 10. b5 Ne7 11. a4 1/2-1/2